Diseño de un portal web a la Factoría José Rafael Nuñez / Yordani Altagracia De Jesús Carrasco y Rosalma Ramírez Guzmán ; asesor Alba Lissette Peguero (Registro nro. 17946)

Detalles MARC
000 -LEADER
fixed length control field 01064nam a22002411a 4500
001 - CONTROL NUMBER
control field 17946
003 - CONTROL NUMBER IDENTIFIER
control field OSt
005 - DATE AND TIME OF LATEST TRANSACTION
control field 20260204212342.0
008 - FIXED-LENGTH DATA ELEMENTS--GENERAL INFORMATION
fixed length control field 170118s2013||||dr ||||||b||||||||||spa||
090 ## - LOCALLY ASSIGNED LC-TYPE CALL NUMBER (OCLC); LOCAL CALL NUMBER (RLIN)
Classification number (OCLC) (R) ; Classification number, CALL (RLIN) (NR) INF 2013 C17
100 1# - ASIENTO PRINCIPAL -- NOMBRE PERSONAL
Personal name De Jesús Carrasco, Yordani Altagracia
Relator term sustentante
245 1# - TÍTULO PROPIAMENTE DICHO: SUBTÍTULO
Title Diseño de un portal web a la Factoría José Rafael Nuñez / Yordani Altagracia De Jesús Carrasco y Rosalma Ramírez Guzmán ; asesor Alba Lissette Peguero
260 ## - PUBLICATION, DISTRIBUTION, ETC.
Place of publication, distribution, etc. Cotuí, República Dominicana :
Name of publisher, distributor, etc. UTECO,
Date of publication, distribution, etc. 2013
300 ## - PHYSICAL DESCRIPTION
Extensión 38 hojas
502 ## - THESIS NOTE
Dissertation note Trabajo de grado (Licenciatura en informática)--Universidad Tecnológica del Cibao Oriental, 2013. <br/>
504 ## - BIBLIOGRAPHY, ETC. NOTE
Bibliography, etc. note incluye referencia bibliográfica e índice<br/>
650 #4 - ASIENTO SECUNDARIO DE MATERIA -- TERMINO TOPICO
Asiento secundario de materia Diseño de un portal web a la Factoría
700 1# - ASIENTO SECUNDARIO -- NOMBRE PERSONAL
Personal name De Jesús Carrasco, Yordani Altagracia
Relator term sustentante
700 1# - ASIENTO SECUNDARIO -- NOMBRE PERSONAL
Personal name Ramírez Guzmán, Rosalma
Relator term sustentante
700 1# - ASIENTO SECUNDARIO -- NOMBRE PERSONAL
Personal name Peguero, Alba Lissette
Relator term asesor
830 ## - ASIENTO SECUNDARIO DE SERIE - TÍTULO UNIFORME
Uniform title Tesis y disertaciones académicas (Universidad Tecnológica del Cibao Oriental)
942 ## - ADDED ENTRY ELEMENTS (KOHA)
Source of classification or shelving scheme Clasificación Local
Koha item type Tesis
Existencias
Withdrawn status Lost status Source of classification or shelving scheme Damaged status Not for loan Collection code Home library Current library Shelving location Date acquired Inventory number Total Checkouts Full call number Barcode Date last seen Copy number Price effective from Koha item type
    Clasificación Local   Préstamo Interno Trabajos de Grado e Investigación   Biblioteca UTECO En Estantería 09/09/2019 IT-2013-007   INF 2013 C17 IT-2013-007 09/09/2019 Ej.1 09/09/2019 Tesis
© 2021 Derechos Reservados UTECO - Teléfono: +1 809-585-2291 - Correo electrónico: biblioteca@uteco.edu.do​  
Código postal 43000 ​​
Dirección: Avenida Universitaria No. 100, 
Cotuí, Provincia Sánchez Ramírez, República Dominicana - RNC: 404-00059-6